00702nam a22002297a 450000500170000001000130001702000100003003500130004003700160005304000120006908200110008110000280009224500510012026000370017127000390020830000230024765000220027065000230029294200200031599900190033595201180035420170124110111.0 aA-946012 c00.00 aA-946012 bCen Lib/Ret aDPLbEN aSbDHI aDhillon, Harish9108613 aLove stories from Punjab /cby Harish Dhillon  aNew DelhibUBS publishers c1998 bNew Delhia5, Ansari road e110002 aix,244p.c21cm(Hb) aLiterature 96262 aShort stories 944 2ddccENhSmDHI c130407d130407 00104070aLbLd2015-07-09eCen Lib/Retg0.00l0oS DHIpA-946012r2015-07-09 00:00:00t1v0.00w2015-07-09yEN